08656nam a22009017a 4500003000200000005001700002008004100019020002200060050002500082245004900107260005700156300003800213440002700251650002500278942001200303999001900315952012800334952012800462952012100590952012100711952012100832952012100953952012101074952012101195952012101316952012101437952012101558952012101679952012101800952012101921952012102042952012102163952012102284952012102405952012102526952012102647952012102768952012102889952012103010952012103131952012103252952012103373952012103494952012103615952012103736952012103857952012103978952012104099952012104220952012104341952012104462952012104583952012204704952012204826952012204948952012205070952012205192952012205314952012205436952012205558952012205680952012205802952012205924952012206046952012206168952012206290952012206412952012206534952012206656952012206778952012206900952012207022952012207144952012207266952012207388952012207510952012207632020240910092105.0240904b xxu||||| |||| 00| 0 eng d a978-621-405-615-6 aLB 1537b.Sc416 2024 aSRA Reading laboratory 1c :bpower builder / aQuezon City :bAbiva Publishing House, Inc.,cc2024. aiv, 278 p. :bcol. ill. ;c28 cm. aSRA Reading Laboratory aReading (Elementary) 2lcccBK c366170d366170 00102lcc40aLUXbLUXcTRd2024-09-04eLibrary Fundl0oLB 1537 .Sc416 2024p21205r2024-09-04 00:00:00t1w2024-09-04yBK 00102lcc40aLUXbLUXcTRd2024-09-04eLibrary Fundl0oLB 1537 .Sc416 2024p21206r2024-09-04 00:00:00t2w2024-09-04yBK 00102ddc40aMUbMUcTRd2024-09-10eLibrary Fundl0oTR 372.4 S11 2024pM8799r2024-09-10 00:00:00w2024-09-10yBK 00102ddc40aMUbMUcTRd2024-09-10eLibrary Fundl0oTR 372.4 S11 2024pM8800r2024-09-10 00:00:00w2024-09-10yBK 00102ddc40aMUbMUcTRd2024-09-10eLibrary Fundl0oTR 372.4 S11 2024pM8801r2024-09-10 00:00:00w2024-09-10yBK 00102ddc40aMUbMUcTRd2024-09-10eLibrary Fundl0oTR 372.4 S11 2024pM8802r2024-09-10 00:00:00w2024-09-10yBK 00102ddc40aMUbMUcTRd2024-09-10eLibrary Fundl0oTR 372.4 S11 2024pM8803r2024-09-10 00:00:00w2024-09-10yBK 00102ddc40aMUbMUcTRd2024-09-10eLibrary Fundl0oTR 372.4 S11 2024pM8804r2024-09-10 00:00:00w2024-09-10yBK 00102ddc40aMUbMUcTRd2024-09-10eLibrary Fundl0oTR 372.4 S11 2024pM8805r2024-09-10 00:00:00w2024-09-10yBK 00102ddc40aMUbMUcTRd2024-09-10eLibrary Fundl0oTR 372.4 S11 2024pM8806r2024-09-10 00:00:00w2024-09-10yBK 00102ddc40aMUbMUcTRd2024-09-10eLibrary Fundl0oTR 372.4 S11 2024pM8807r2024-09-10 00:00:00w2024-09-10yBK 00102ddc40aMUbMUcTRd2024-09-10eLibrary Fundl0oTR 372.4 S11 2024pM8808r2024-09-10 00:00:00w2024-09-10yBK 00102ddc40aMUbMUcTRd2024-09-10eLibrary Fundl0oTR 372.4 S11 2024pM8809r2024-09-10 00:00:00w2024-09-10yBK 00102ddc40aMUbMUcTRd2024-09-10eLibrary Fundl0oTR 372.4 S11 2024pM8810r2024-09-10 00:00:00w2024-09-10yBK 00102ddc40aMUbMUcTRd2024-09-10eLibrary Fundl0oTR 372.4 S11 2024pM8811r2024-09-10 00:00:00w2024-09-10yBK 00102ddc40aMUbMUcTRd2024-09-10eLibrary Fundl0oTR 372.4 S11 2024pM8812r2024-09-10 00:00:00w2024-09-10yBK 00102ddc40aMUbMUcTRd2024-09-10eLibrary Fundl0oTR 372.4 S11 2024pM8813r2024-09-10 00:00:00w2024-09-10yBK 00102ddc40aMUbMUcTRd2024-09-10eLibrary Fundl0oTR 372.4 S11 2024pM8814r2024-09-10 00:00:00w2024-09-10yBK 00102ddc40aMUbMUcTRd2024-09-10eLibrary Fundl0oTR 372.4 S11 2024pM8815r2024-09-10 00:00:00w2024-09-10yBK 00102ddc40aMUbMUcTRd2024-09-10eLibrary Fundl0oTR 372.4 S11 2024pM8816r2024-09-10 00:00:00w2024-09-10yBK 00102ddc40aMUbMUcTRd2024-09-10eLibrary Fundl0oTR 372.4 S11 2024pM8817r2024-09-10 00:00:00w2024-09-10yBK 00102ddc40aMUbMUcTRd2024-09-10eLibrary Fundl0oTR 372.4 S11 2024pM8818r2024-09-10 00:00:00w2024-09-10yBK 00102ddc40aMUbMUcTRd2024-09-10eLibrary Fundl0oTR 372.4 S11 2024pM8819r2024-09-10 00:00:00w2024-09-10yBK 00102ddc40aMUbMUcTRd2024-09-10eLibrary Fundl0oTR 372.4 S11 2024pM8820r2024-09-10 00:00:00w2024-09-10yBK 00102ddc40aMUbMUcTRd2024-09-10eLibrary Fundl0oTR 372.4 S11 2024pM8821r2024-09-10 00:00:00w2024-09-10yBK 00102ddc40aMUbMUcTRd2024-09-10eLibrary Fundl0oTR 372.4 S11 2024pM8822r2024-09-10 00:00:00w2024-09-10yBK 00102ddc40aMUbMUcTRd2024-09-10eLibrary Fundl0oTR 372.4 S11 2024pM8823r2024-09-10 00:00:00w2024-09-10yBK 00102ddc40aMUbMUcTRd2024-09-10eLibrary Fundl0oTR 372.4 S11 2024pM8824r2024-09-10 00:00:00w2024-09-10yBK 00102ddc40aMUbMUcTRd2024-09-10eLibrary Fundl0oTR 372.4 S11 2024pM8825r2024-09-10 00:00:00w2024-09-10yBK 00102ddc40aMUbMUcTRd2024-09-10eLibrary Fundl0oTR 372.4 S11 2024pM8826r2024-09-10 00:00:00w2024-09-10yBK 00102ddc40aMUbMUcTRd2024-09-10eLibrary Fundl0oTR 372.4 S11 2024pM8827r2024-09-10 00:00:00w2024-09-10yBK 00102ddc40aMUbMUcTRd2024-09-10eLibrary Fundl0oTR 372.4 S11 2024pM8828r2024-09-10 00:00:00w2024-09-10yBK 00102ddc40aMUbMUcTRd2024-09-10eLibrary Fundl0oTR 372.4 S11 2024pM8829r2024-09-10 00:00:00w2024-09-10yBK 00102ddc40aMUbMUcTRd2024-09-10eLibrary Fundl0oTR 372.4 S11 2024pM8830r2024-09-10 00:00:00w2024-09-10yBK 00102ddc40aMUbMUcTRd2024-09-10eLibrary Fundl0oTR 372.4 S11 2024pM8831r2024-09-10 00:00:00w2024-09-10yBK 00102ddc40aMUbMUcTRd2024-09-10eLibrary Fundl0oTR 372.4 S11 2024pM8832r2024-09-10 00:00:00w2024-09-10yBK 00102ddc40aELbELcTRd2024-09-11eLibrary Fundl0oTR 372.4 S11 2024pE12730r2024-09-11 00:00:00w2024-09-11yBK 00102ddc40aELbELcTRd2024-09-11eLibrary Fundl0oTR 372.4 S11 2024pE12731r2024-09-11 00:00:00w2024-09-11yBK 00102ddc40aELbELcTRd2024-09-11eLibrary Fundl0oTR 372.4 S11 2024pE12732r2024-09-11 00:00:00w2024-09-11yBK 00102ddc40aELbELcTRd2024-09-11eLibrary Fundl0oTR 372.4 S11 2024pE12733r2024-09-11 00:00:00w2024-09-11yBK 00102ddc40aELbELcTRd2024-09-11eLibrary Fundl0oTR 372.4 S11 2024pE12734r2024-09-11 00:00:00w2024-09-11yBK 00102ddc40aELbELcTRd2024-09-11eLibrary Fundl0oTR 372.4 S11 2024pE12735r2024-09-11 00:00:00w2024-09-11yBK 00102ddc40aELbELcTRd2024-09-11eLibrary Fundl0oTR 372.4 S11 2024pE12736r2024-09-11 00:00:00w2024-09-11yBK 00102ddc40aELbELcTRd2024-09-11eLibrary Fundl0oTR 372.4 S11 2024pE12737r2024-09-11 00:00:00w2024-09-11yBK 00102ddc40aELbELcTRd2024-09-11eLibrary Fundl0oTR 372.4 S11 2024pE12738r2024-09-11 00:00:00w2024-09-11yBK 00102ddc40aELbELcTRd2024-09-11eLibrary Fundl0oTR 372.4 S11 2024pE12739r2024-09-11 00:00:00w2024-09-11yBK 00102ddc40aELbELcTRd2024-09-11eLibrary Fundl0oTR 372.4 S11 2024pE12740r2024-09-11 00:00:00w2024-09-11yBK 00102ddc40aELbELcTRd2024-09-11eLibrary Fundl0oTR 372.4 S11 2024pE12741r2024-09-11 00:00:00w2024-09-11yBK 00102ddc40aELbELcTRd2024-09-11eLibrary Fundl0oTR 372.4 S11 2024pE12742r2024-09-11 00:00:00w2024-09-11yBK 00102ddc40aELbELcTRd2024-09-11eLibrary Fundl0oTR 372.4 S11 2024pE12743r2024-09-11 00:00:00w2024-09-11yBK 00102ddc40aELbELcTRd2024-09-11eLibrary Fundl0oTR 372.4 S11 2024pE12744r2024-09-11 00:00:00w2024-09-11yBK 00102ddc40aELbELcTRd2024-09-11eLibrary Fundl0oTR 372.4 S11 2024pE12745r2024-09-11 00:00:00w2024-09-11yBK 00102ddc40aELbELcTRd2024-09-11eLibrary Fundl0oTR 372.4 S11 2024pE12746r2024-09-11 00:00:00w2024-09-11yBK 00102ddc40aELbELcTRd2024-09-11eLibrary Fundl0oTR 372.4 S11 2024pE12747r2024-09-11 00:00:00w2024-09-11yBK 00102ddc40aELbELcTRd2024-09-11eLibrary Fundl0oTR 372.4 S11 2024pE12748r2024-09-11 00:00:00w2024-09-11yBK 00102ddc40aELbELcTRd2024-09-11eLibrary Fundl0oTR 372.4 S11 2024pE12749r2024-09-11 00:00:00w2024-09-11yBK 00102ddc40aELbELcTRd2024-09-11eLibrary Fundl0oTR 372.4 S11 2024pE12750r2024-09-11 00:00:00w2024-09-11yBK 00102ddc40aELbELcTRd2024-09-11eLibrary Fundl0oTR 372.4 S11 2024pE12751r2024-09-11 00:00:00w2024-09-11yBK 00102ddc40aELbELcTRd2024-09-11eLibrary Fundl0oTR 372.4 S11 2024pE12752r2024-09-11 00:00:00w2024-09-11yBK 00102ddc40aELbELcTRd2024-09-11eLibrary Fundl0oTR 372.4 S11 2024pE12753r2024-09-11 00:00:00w2024-09-11yBK 00102ddc40aELbELcTRd2024-09-11eLibrary Fundl0oTR 372.4 S11 2024pE12754r2024-09-11 00:00:00w2024-09-11yBK